000 nam a22 7a 4500
999 _c232632
_d232632
003 Nust
005 20170221162324.0
008 170221b xxu||||| |||| 00| 0 eng d
040 _cASAB
082 _a891.4391
245 _asukhan sukhan sooraj
_cAbid ansari
300 _a168 p
942 _2ddc
_cBK